Statistiques concernant Les clubs ayant battu Saint Etienne

Cliquez ici pour prendre le quiz!

Statistiques générales

  • Ce quiz a été pris 235 fois
  • Le résultat moyen est 17 sur 26

Statistiques - réponses

HintClub% Correct
1Paris
99%
8Lyon
98%
18Marseille
98%
15Lille
86%
6Nantes
85%
17Nice
82%
5Rennes
81%
26Toulouse
80%
21Montpellier
78%
9Monaco
77%
14Strasbourg
76%
16Lens
75%
7Brest
72%
19Angers
64%
11Auxerre
64%
01Lorient
62%
22Reims
62%
13Metz
61%
24Ajaccio
53%
20Clermont
53%
12Dijon
53%
25Nimes
52%
23Troyes
47%
3Bergerac
5%
4Quevilly
5%
2CA Paris
0%

Distribution des résultats

Percentile par nombre de réponses

% des personnes avec chaque résultat

Votre développement - résultats

Vous n’avez pas pris ce quiz